MDQL
is popping MORE tags! Check the
thread
!
Quizzes
Events
Quiz Creation
Community
Videos
Private Events
Remove Ads
Sign In
Join for FREE
Feedback
Dark Mode
Quiz Categories
Sports
Geography
Music
Movies
Television
Just For Fun
Miscellaneous
History
Literature
Language
Science
Gaming
Entertainment
Religion
Holiday
For Kids
Quiz Lab
Recent
Popular Today
Quiz Kudos Today
Editor Picks
Curator Picks
Quizzes by...
Day
Popularity
Type
Ratings
Length
Year
Community
Subscriptions
Recent Discussions
Orange Saloon
Badges
Playlists
Quests
Create
Leaderboards
Showdown
Live 5
Trivia Bingo
Activity
Puzzle Library
Sporcle Events
Private Events
Virtual Trivia
Globe League
Become a Host
Pub Owners
SporcleCon
Opinionation
Our Games
Videos
Blog
Mobile Apps
Partnerships
Remove Ads and Go Orange
Feedback
Science
Computer
Plants
Astronomy
Chemistry
Elements
Math
Animal
Physics
Anatomy
Biology
Geology
General Science
Science
Computer
Plants
Astronomy
Chemistry
Elements
Math
Animal
Physics
Anatomy
Biology
Geology
General Science
Random Quiz
Search Sporcle
×
Quiz Lab
Quiz Lab
Science
des
Type in answers that appear in a list
Type in answers that appear in a list
Classic
Best Score? Go Orange.
Effets secondaires des antibiotiques Stats
Can you name the Effets secondaires des antibiotiques?
By
hello90210
15m
50 Questions
43 Plays
43 Plays
43 Plays
Comments
Comments
Give Quiz Kudos
Give Quiz Kudos
-
- Ratings
hide this ad
Random Order
Randomize order of answers
Randomize order of answers
Replay
Link that replays current quiz
Next Quiz
Link to next quiz in quiz playlist
You Got
0%
They Got
Avg Score
68%
Avg Friend Score
Upgrade to see
Score Distribution
Jump to the score distribution portion of the page
Score
0/50
Timer
15:00
0
Plays Today
Antibiotique
Effet secondaire
% Correct
2-
Amoxicilline
2- Diarrhée
97.7%
2-
Amoxicilline
2- Allergie
90.7%
3-
Amoxicilline-
acide clavulanique
3- Diarrhée
88.4%
2-
Amoxicilline
2- Surinfection à Candida
86%
6-
Ciprofloxacin
6- Tendinite
85.7%
7-
Clindamycine
7- Nausée
85.7%
14-
Vancomycine
14- Leucopénie
85.7%
3-
Amoxicilline-
acide clavulanique
3- Nausée
83.7%
4-
Céfazoline
4- Diarrhée
81.4%
4-
Céfazoline
4- Nausée
81.4%
7-
Clindamycine
7- Colite à C. difficile
78.6%
3-
Amoxicilline-
acide clavulanique
3- Vaginite à Candida
76.7%
6-
Ciprofloxacin
6- Diarrhée
76.7%
7-
Clindamycine
7- Diarrhée
76.7%
8-
Gentamicine
8- Néphrotoxicité
76.7%
15-
Oseltamivir
15- Nausée
76.7%
15-
Oseltamivir
15- Vomissement
76.7%
3-
Amoxicilline-
acide clavulanique
3- Colite à C. difficile
74.4%
6-
Ciprofloxacin
6- Nausée
74.4%
10-
Moxifloxacine
10- Diarrhée
74.4%
10-
Moxifloxacine
10- Nausée
74.4%
11-
Pénicilline
11- Allergie
74.4%
13-
Valacyclovir
13- Diarrhée
74.4%
14-
Vancomycine
14- Red man syndrome
74.4%
14-
Vancomycine
14- Ototoxicité
74.4%
Antibiotique
Effet secondaire
% Correct
3-
Amoxicilline-
acide clavulanique
3- Insomnie
72.1%
5-
Cloxacilline
5- Allergie
72.1%
5-
Cloxacilline
5- Thrombocytopénie
72.1%
9-
Métronidazole
9- Inapétence
72.1%
9-
Métronidazole
9- Arrière-goût métallique
72.1%
9-
Métronidazole
9- Effet antabuse
72.1%
7-
Clindamycine
7- Éruption
71.4%
4-
Céfazoline
4- Vaginite à Candida
69.8%
5-
Cloxacilline
5- Anémie
69.8%
5-
Cloxacilline
5- Neutropénie
69.8%
14-
Vancomycine
14- Néphrotoxicité
69.8%
10-
Moxifloxacine
10- Colite à C. difficile
65.1%
6-
Ciprofloxacin
6- Colite à C. difficile
64.3%
7-
Clindamycine
7- Surinfection à Candida
64.3%
4-
Céfazoline
4- Colite à C. difficile
62.8%
8-
Gentamicine
8- Ototoxicité vestibulaire et auditive
62.8%
10-
Moxifloxacine
10- Surinfection à Candida
62.8%
11-
Pénicilline
11- Cytopénie
62.8%
6-
Ciprofloxacin
6- Surinfection à Candida
60.5%
8-
Gentamicine
8- Vertiges
60%
13-
Valacyclovir
13- Arthralgie
55.8%
5-
Cloxacilline
5- Forme IV irritante pour les veines
53.5%
4-
Céfazoline
4- Allergie croisée avec les pénicillines
34.9%
3-
Amoxicilline-
acide clavulanique
3- Éruption cutanée
27.9%
4-
Céfazoline
4- Éruption cutanée
27.9%
Quiz Playlist
Details
Report
Send in Message
Add To Playlist
Classic:
Type in answers that appear in a list
Random Order:
Randomize order of answers
Last Updated: Feb 16, 2017
Quiz Scoreboard
CHALLENGE
Sign Up to Join the Scoreboard
Show All
Scores
Hide
Comments
May contain spoilers
Recently Published
1-10 Letter E Words III
by El_Dandy
Language
2m
Street Fighter Characters
by Artimus82
Gaming
60s
College Basketball Coaching Resumes
by pancakes188
Sports
9m
More to Explore
Quiz From the Vault
Featured Blog Post
Where Did the Easter Bunny Come From?
hide this ad
You Might Also Like...
Tags
des
effect
Secondary
Today's Top Quizzes in Science
Browse Science
hide this ad
Top Contributed Quizzes in Science
1
Quick Pick: Radians
2
The First 100 Digits of Pi
3
Quick Pick: 'CI-CJ' Animals
4
Elements In Images
5
perfect squares 1-25
6
One Thing in Common: Science
7
One Thing in Common: Science II
8
One Thing in Common: Animals
9
One Thing in Common: Science III
10
Order Up: Organs and Body Systems
Explore More
Trending Topics
Anime
Marvel
NBA
Disney
Harry Potter
Kpop
Crossword
The Office
Song
NFL
Pokémon
WWE
Puzzle
Soccer
Country
hide this ad
More By:
hello90210
Quiz
Plays
Rating
Category
Featured
Created
Spectre d'action des antibiotiques
135
Science
Dec 14, 2010
Bactéries
92
Science
Dec 14, 2010
Revue des systèmes
69
Science
Apr 13, 2011
Revue des systèmes ECOS I
54
Science
Dec 6, 2011
Effets secondaires des antibiotiques
43
Science
Dec 14, 2010
Go to Creator's Profile
Score Distribution
Quiz Creator Spotlight
hello90210
Follow
Send a Message
Quizzes Created
-
Created Quiz Play Count
-
More By This Creator
Popular Quizzes Today
1
Find the US States - No Outlines Minefield
2
Find the Countries of Europe - No Outlines Minefield
3
The Countries of the World
4
Find the US States
5
Risky Map Clicking: Biggest States A-Z
6
US States
7
Popular People in 1961
8
Movies - When Are They Set?
More Science Quizzes
Get Connected!: Science Sequences
Editor's Pick
Trending Quizzes
Risky Map Clicking: Least Populous States A-Z
1-10 Letter G Words
USA Borders Longest to Shortest
1-10 Letter F Words
Countries of the World: 200 Million BC
Recently Updated
Leaping Animals
pecheneg
Reality TV Shows (A-Z)
bhenderson79
Rickey Henderson's Hall of Fame Teammates
pecheneg
Champions League XIs: Arsenal
pecheneg
Quick Pick: Celebrities in WWE's Hall of Fame
aduchscher
A-Z Keypad Blitz II
pecheneg
Multiple Oscar Actors
pecheneg
Mystery Phrase Blitz: Oscar 'Best Actors'
pecheneg
F. Scott Fitzgerald Novels
LTH
Pick 3 Villains
ddd62291
Trending Topics
Crossword
Kpop
NBA
Marvel
Harry Potter
Anime
Disney
WWE
Pokémon
NFL
The Office
Song
Country
Soccer
Puzzle
Your Account Isn't Verified!
In order to create a playlist on Sporcle, you need to verify the email address you used during registration. Go to your
Sporcle Settings
to finish the process.
Report this User
Report this user for behavior that violates our
Community Guidelines
.
Details:
Send Report
Go to the Sporcle.com Mobile Site →
Comments